Imagining harmony (Record no. 1113218)

MARC details
000 -LEADER
fixed length control field 01074nam a2200313Ia 4500
003 - CONTROL NUMBER IDENTIFIER
control field OSt
005 - DATE AND TIME OF LATEST TRANSACTION
control field 20221006160408.0
008 - FIXED-LENGTH DATA ELEMENTS--GENERAL INFORMATION
fixed length control field 221006b |||||||| |||| 00| 0 eng d
020 ## - INTERNATIONAL STANDARD BOOK NUMBER
International Standard Book Number 9780804761574
037 ## - SOURCE OF ACQUISITION
Terms of availability Textual
040 ## - CATALOGING SOURCE
Original cataloging agency EASL
Transcribing agency EASL
Language of cataloging eng
041 ## - LANGUAGE CODE
Source of code eng
Language code of text/sound track or separate title eng
100 ## - MAIN ENTRY--PERSONAL NAME
Personal name Flueckiger Peter
9 (RLIN) 673249
245 #0 - TITLE STATEMENT
Title Imagining harmony
Remainder of title Poetry, empathy, and community in mid-Tokugawa Confucianism and nativism
260 ## - PUBLICATION, DISTRIBUTION, ETC.
Place of publication, distribution, etc. Stanford
Name of publisher, distributor, etc. Stanford University Press
Date of publication, distribution, etc. 2011
300 ## - PHYSICAL DESCRIPTION
Extent 300p.
Dimensions cm.
490 ## - SERIES STATEMENT
Volume/sequential designation JEL
650 ## - SUBJECT ADDED ENTRY--TOPICAL TERM
Topical term or geographic name entry element Culture in literature
9 (RLIN) 673250
650 ## - SUBJECT ADDED ENTRY--TOPICAL TERM
Topical term or geographic name entry element Literature and society - Japan - History
9 (RLIN) 669302
650 ## - SUBJECT ADDED ENTRY--TOPICAL TERM
Topical term or geographic name entry element Nativism in literature
9 (RLIN) 673251
650 ## - SUBJECT ADDED ENTRY--TOPICAL TERM
Topical term or geographic name entry element Philosophy - Confucian
9 (RLIN) 673252
650 ## - SUBJECT ADDED ENTRY--TOPICAL TERM
Topical term or geographic name entry element Japanese - poetry - History and criticism - theory etc
9 (RLIN) 673253
942 ## - ADDED ENTRY ELEMENTS (KOHA)
Classification part O42,1M:g, Q1
Koha item type Textual
Source of classification or shelving scheme Colon Classification (CC)
Holdings
Withdrawn status Lost status Source of classification or shelving scheme Damaged status Not for loan Home library Current library Date acquired Source of acquisition Cost, normal purchase price Serial Enumeration / chronology Total Checkouts Full call number Barcode Date last seen Cost, replacement price Price effective from Koha item type
    Colon Classification (CC)     Department of East Asian Studies Library Department of East Asian Studies Library 2022-10-06 Gift, Japan Foundation 5608.00 JEL   O42,1M:g Q1 EA1397882 2022-10-06 5608.00 2022-10-06 Textual
Copyright @ Delhi University Library System